00552nam a2200133 a 450000100100000000500170001000800410002704000250006810000200009324501010011326001420021430000200035650000420037600002952020200930055617.0110418s1994 dr ad 000 0 spa d aDO-SdBNPbspacBNPHU1 aLizardo, Jefrey10aMonografía :bcondiciones de los y las menores en la República Dominicana /cJefrey Lizardo. aSanto Domingo :bInstituto de Estado de Población y Desarrollo (IEPD)bFondo para las Naciones Unidas para la Infancia (UNICEF),c1994. a38 p. ;c27 cm. aIncluye notas al pie de las páginas